Minnesota Senators by Picture - Statistics

General Stats
  • This quiz has been taken 10 times
  • The average score is 16 of 38
Answer Stats
Picture Hint Answer % Correct
2009-2018 Al Franken
100%
1949-1964 | 1971-1978 Hubert Humphrey
100%
2018-2027 Tina Smith
100%
1964-1976 Walter Mondale
100%
2001-2007 Mark Dayton
86%
1991-2002 Paul Wellstone
86%
2007-Present Amy Klobuchar
71%
1978 Muriel Humphrey
71%
2003-2009 Norm Coleman
71%
1976-1978 Wendell R. Anderson
71%
1978-1995 David Durenberger
57%
1959-1971 Eugene McCarthy
57%
1978-1991 Rudy Boschwitz
57%
1863-1875 Alexander Ramsey
43%
1923-1947 Henrik Shipstead
43%
1923-1925 Magnus Johnson
43%
1995-2001 Rod Grams
43%
1942-1943 Arthur E. Nelson
29%
2002-2003 Dean Barkley
29%
1947-1959 Edward J. Thye
29%
1917-1923 Frank B. Kellogg
29%
1895-1923 Knute Nelson
29%
1881 Alonzo J. Edgerton
14%
1900-1901 Charles A. Towne
14%
1887-1900 Cushman K. Davis
14%
1865-1870 Daniel Sheldon Norton
14%
1883-1889 Dwight M. Sabin
14%
1937-1940 Ernest Lundeen
14%
1936-1937 Guy V. Howard
14%
1858-1863 Henry M. Rice
14%
1858-1859 James Shields
14%
1940-1942 | 1943-1949 Joseph H. Ball
14%
1901-1917 Moses E. Clapp
14%
1871 Ozora P. Stearns
14%
1875-1888 Samuel J. R. McMillan
14%
1889-1895 William D. Washburn
14%
1870-1871 | 1871-1881 | 1881-1883 William Windom
14%
1859-1865 Morton S. Wilkerson
0%
No matching quizzes found
Score Distribution
Percent of People with Each Score
Percentile by Number Answered
Your Score History
You have not taken this quiz